000 00400nmm a2200145Ia 4500
008 251105s9999||||xx |||||||||||||||||und||
041 _aspa
100 _aWolf, Aldous
245 0 _aEl despertar del mal
264 _a[Madrid, España] :
_bEdiciones B,
_c2017
300 _a200 páginas
650 _aThriller & Suspense
856 _uhttps://public.digitaliapublishing.com/a/54410
942 _cCF
999 _c106499
_d106499